000 00600nam a22001937a 4500
005 20251108165913.0
008 250721s1990 xx 000 0 ara d
082 1 4 _aط/599.73/صوف
100 1 _aصوفان، أحمد
_eمعد
245 1 0 _aالزرافه /
264 1 _aبيروت :
_bالمؤسسة العربيه للدراسات و النشر،
_c1990.
300 _a31ص: مص
490 0 _aحيوانات العالم ؛5
650 1 7 _aالزرافه
653 _aناشئون صغار (10-14) سنة
700 1 _aجار الله، هانئه
942 _2ddc
_cBK
999 _c34400
_d34400